Hannah Arendt / (Record no. 123922)
[ view plain ]
| 000 -LEADER | |
|---|---|
| fixed length control field | 01504cam a22003974a 4500 |
| 001 - CONTROL NUMBER | |
| control field | 6993037 |
| 003 - CONTROL NUMBER IDENTIFIER | |
| control field | ARRUPE |
| 005 - DATE AND TIME OF LATEST TRANSACTION | |
| control field | 20160111123255.0 |
| 008 - FIXED-LENGTH DATA ELEMENTS--GENERAL INFORMATION | |
| fixed length control field | 080408s2009 enk b 001 0 eng |
| 010 ## - LIBRARY OF CONGRESS CONTROL NUMBER | |
| LC control number | 2008015953 |
| 020 ## - INTERNATIONAL STANDARD BOOK NUMBER | |
| International Standard Book Number | 9780415425858 (hardback : alk. paper) |
| 020 ## - INTERNATIONAL STANDARD BOOK NUMBER | |
| International Standard Book Number | 0415425859 (hardback : alk. paper) |
| 020 ## - INTERNATIONAL STANDARD BOOK NUMBER | |
| International Standard Book Number | 9780415425865 (pbk. : alk. paper) |
| 020 ## - INTERNATIONAL STANDARD BOOK NUMBER | |
| International Standard Book Number | 0415425867 (pbk. : alk. paper) |
| 020 ## - INTERNATIONAL STANDARD BOOK NUMBER | |
| International Standard Book Number | 9780203889671 (ebook) |
| 020 ## - INTERNATIONAL STANDARD BOOK NUMBER | |
| International Standard Book Number | 0203889673 (ebook) |
| 024 ## - OTHER STANDARD IDENTIFIER | |
| Standard number or code | 40016273351 |
| 035 ## - SYSTEM CONTROL NUMBER | |
| System control number | (OCoLC)ocn225846713 |
| 035 ## - SYSTEM CONTROL NUMBER | |
| System control number | (OCoLC)225846713 |
| 035 ## - SYSTEM CONTROL NUMBER | |
| System control number | (NNC)6993037 |
| 040 ## - CATALOGING SOURCE | |
| Original cataloging agency | DLC |
| Transcribing agency | DLC |
| Modifying agency | BAKER |
| -- | BTCTA |
| -- | UKM |
| -- | YDXCP |
| -- | OCLCG |
| -- | BWKUK |
| 050 00 - LIBRARY OF CONGRESS CALL NUMBER | |
| Classification number | B945.A694 |
| Item number | S95 2009 |
| 082 00 - DEWEY DECIMAL CLASSIFICATION NUMBER | |
| Classification number | 320.5092 |
| Edition number | 22 |
| 300 ## - PHYSICAL DESCRIPTION | |
| Dimensions | 21 cm. |
| 100 1# - MAIN ENTRY--PERSONAL NAME | |
| Personal name | Swift, Simon |
| Fuller form of name | (Simon Robert) |
| 9 (RLIN) | 21445 |
| 245 10 - TITLE STATEMENT | |
| Title | Hannah Arendt / |
| Statement of responsibility, etc | Simon Swift. |
| 260 ## - PUBLICATION, DISTRIBUTION, ETC. (IMPRINT) | |
| Place of publication, distribution, etc | London ; |
| -- | New York : |
| Name of publisher, distributor, etc | Routledge, |
| Date of publication, distribution, etc | 2009. |
| 300 ## - PHYSICAL DESCRIPTION | |
| Extent | xiii, 165 p. ; |
| 490 1# - SERIES STATEMENT | |
| Series statement | Routledge critical thinkers |
| 504 ## - BIBLIOGRAPHY, ETC. NOTE | |
| Bibliography, etc | Includes bibliographical references (p. [150]-162) and index. |
| 505 0# - FORMATTED CONTENTS NOTE | |
| Formatted contents note | Why Arendt? -- Biography, theory and politics -- Thinking and society -- Acting -- Labour, work and modernism -- Judging : from Kant to Eichmann -- Anti-semitism -- Racism, empire and nation -- Totalitarianism -- Coda : evil -- After Arendt. |
| 600 10 - SUBJECT ADDED ENTRY--PERSONAL NAME | |
| Personal name | Arendt, Hannah, |
| Dates associated with a name | 1906-1975. |
| 9 (RLIN) | 21446 |
| 830 #0 - SERIES ADDED ENTRY--UNIFORM TITLE | |
| Uniform title | Routledge critical thinkers. |
| 9 (RLIN) | 1237 |
| 942 ## - ADDED ENTRY ELEMENTS (KOHA) | |
| Source of classification or shelving scheme | Library of Congress Classification |
| Koha item type | Monograph ( Printed materials) |
| 948 1# - LOCAL PROCESSING INFORMATION (OCLC); SERIES PART DESIGNATOR (RLIN) | |
| Series part designator, SPT (RLIN) | 20090203 |
| b (OCLC) | c |
| c (OCLC) | sl13 |
| d (OCLC) | MPS |
| Withdrawn status | Lost status | Source of classification or shelving scheme | Damaged status | Not for loan | Collection code | Home library | Current library | Shelving location | Date acquired | Total Checkouts | Full call number | Barcode | Date last seen | Price effective from | Koha item type |
|---|---|---|---|---|---|---|---|---|---|---|---|---|---|---|---|
| Library of Congress Classification | Main Collection | ARRUPE LIBRARY | ARRUPE LIBRARY | Main Collection | 11/01/2016 | B945.A694 S95 2008 | 46500005839 | 25/04/2025 | 11/01/2016 | Monograph ( Printed materials) |